000 00229nam a2200097Ia 4500
008 120527s9999 xx 000 0 und d
100 _aPHILLIPS,Bill.
245 _aHome mechanix guide to security.
260 _bWiley
942 _cBK
999 _c23983
_d23983